00951nam a2200265 i 4500001001000000003000900010005001700019007000300036008004100039020001800080040003000098082001900128100005200147245006700199264005800266300002800324336002700352337003300379338002800412500006300440590002600503942001400529952012500543999001700668000046819DO-SdBNP20241021154548.0ta180402s2015 dr 000 spa d a9789945496523 aDO-SdBNPbspacBNPHUerda 4axxxbH557d2221 aHernández, Pablo María,eautor4aut.94345110aDiccionario filosófico general /cPablo María Hernández. 4aSanto Domingo :bEditora Universitaria - UASD,c2015. a709 páginas ;c22 cm. atextobtxt2rdacontent asin mediaciónbn2rdamedia avolumenbnc2rdacarrier aIncluye datos biográficos del autor en la contracubierta aInventariado,2018 /DG 2ddccLBS1 00102ddc51708PDaBNPHUbBNPHUcCTd2018-04-02l0o BNPHU R-PD p46819-10r2020-06-25w2020-06-25yLBS1ZNo se presta c46308d46308